000 00936nam a2200229Ia 4500
003 Ost
005 20260507075029.0
008 260507s9999||||xx |||||||||||||| ||und||
020 _a811740299
040 _cfsecg
041 _aara
082 _a330
100 _aالقريوتي، محمد قاسم
_eمؤلف
245 0 _aمبادئ الإدارة :
_bالنظريات والعمليات والوظائف /
_c محمد قاسم القريوتي
260 _aعمان:
_bدار وائل للنشر والتوزيع,
_c2001
300 _a400 صفحة؛
_bإيضاحات ؛
_c24 سم
520 _aالنظرية الإدارية، ماهيتها ومجالاتها، تطور الفكر الإداري والمدارس الإدارية، العمليات الإدارية، الوظائف الإدارية
653 _aإدارة الأعمال
653 _aالإدارة
653 _aالوظائف
942 _cكتاب
999 _c42373
_d42373